| 000 | 00660nam a22002057a 4500 | ||
|---|---|---|---|
| 999 |
_c15689 _d15689 |
||
| 003 | AR-CdUCM | ||
| 008 | 190429b ||||| |||| 00| 0 spa d | ||
| 040 |
_aMUNICIPALIDAD PROVINCIAL DEL CUSCO _cBIBLIOTECA MUNICIPAL DEL CUSCO |
||
| 082 |
_a980.5 / _bM26 / 1967 |
||
| 100 |
_aMartinez, R. A. _934846 |
||
| 245 | _aNuevo estatuto de comunidades indígenas / | ||
| 260 |
_aLima : _bBendezú, _c1967. |
||
| 300 |
_a82 páginas ; _c16 cm. |
||
| 505 | _aContenido: Estatuto de comunidades de indígenas. | ||
| 650 |
_aEstatuto _931625 |
||
| 650 |
_aComunidades indígenas _93290 |
||
| 650 |
_aNormas _915859 |
||
| 942 |
_2ddc _cLIBROS |
||
| 945 |
_adavv _d29/04/2019 |
||